El Príncipe de Viana : un destino frustrado /
Na minha lista:
| Autor principal: | |
|---|---|
| Outros Autores: | |
| Formato: | Livro |
| Idioma: | espanhol |
| Publicado em: |
Buenos Aires, Argentina :
Espasa-Calpe,
1951, c1951
|
| Colecção: | (Austral ;
1027) |
| Assuntos: | |
| Tags: |
Sem tags, seja o primeiro a adicionar uma tag!
|
MARC
| LEADER | 00000nam^a2200000^a^4500 | ||
|---|---|---|---|
| 001 | 000138553 | ||
| 005 | 20250521000000.0 | ||
| 009 | 20260310095432.577 | ||
| 037 | |a Acervo ITESO - Biblioteca | ||
| 041 | |a ESP | ||
| 082 | |a 808. |b AUS V. 1027 | ||
| 100 | |a Iribarren, Manuel |e (autor) | ||
| 245 | 1 | 3 | |a El Príncipe de Viana : |b un destino frustrado / |c M. Iribarren ; pról. de C. de Rodezno. |
| 264 | 4 | |a Buenos Aires, Argentina : |b Espasa-Calpe, |c 1951, c1951 | |
| 300 | |a 239 p. | ||
| 336 | |a texto |b txt |2 rdacontenido | ||
| 337 | |a sin mediación |b n |2 rdamedio | ||
| 338 | |a volumen |b nc |2 rdasoporte | ||
| 440 | 1 | |a (Austral ; |v 1027) | |
| 649 | |a XX | ||
| 650 | |a Nobles Españoles - |x Biografías | ||
| 650 | |a Políticos Españoles - |x Biografías | ||
| 650 | |a Política - |z España - |x Historia - |y Período Arabe, 711-1492 | ||
| 650 | |a España - |x Historia - |y Período Arabe, 711-1492 | ||
| 650 | |a Viana, Carlos, Príncipe de - |x Tema Principal | ||
| 700 | |a Rodezno, |c Conde de |e (prólogo) | ||
| 910 | |a Fondo Salvador Reynoso Reynoso | ||
| 920 | |a Impresos - Libros | ||
| 930 | |a Fondos Especiales | ||
| 940 | |a Literatura | ||
| 905 | |a 112 | ||
| 901 | |a 0800014676 |b IT2 |c ESP |u 20250521 | ||
| 902 | |a https://opac.biblio.iteso.mx/vufind/Record/000138553 | ||